00853nam a22002057a 450000500170000000800410001702000220005804100080008008200100008810000250009824500850012325000180020826000190022630000100024565000140025594200070026999900150027695201780029195201780046920231009123721.0230816b |||||||| |||| 00| 0 eng d a978-93-5466-477-9 aeng a611.9 aCHAURASIA, B.D98204 aHUMAN ANATOMY:regional and applied dissection and clinical [HEAD AND NECK] VOL-3 a9TH, ED, 2023 aNEW DELHIbCBS a359;p aBPT98205 cBK c8363d8361 001040708PHYSIOTHERAPYaJRUbJRUcShelf - 24- Ad2023-08-05ePURCHASEg2995.00h9TH ED, 2023,[ VOL-3]l5m2o611.9p27823r2026-03-09 07:17:09s2026-02-13w2023-08-05yBK 001040708PHYSIOTHERAPYaJRUbJRUcShelf - 24- Ad2023-08-05ePURCHASEg2995.00h9TH ED, 2023,[ VOL-3]l8m4o611.9p27824r2025-08-27 13:49:13s2025-08-26w2023-08-05yBK